000 00359nam a2200133Ia 4500
008 240624s9999 xx 000 0 und d
041 _aeng
082 _a020 GIE
100 _aGIESECKE JOAN
245 _aFUNDAMENTALS OF LIBRARY SUPERVISION
260 _c2009
_aNew Delhi
_bIndiana Publishing House
300 _aviii, : 166 : p. : cm. ; 23
365 _cRS
_b20
999 _c13146
_d13146